• 首页
  • 本馆介绍
  • 公告通知
  • 最新文献
  • 馆藏检索
  • 电子资源
  • 读者导购
  • 参考咨询
  • 我的图书馆
  • 登录
  • 详细信息显示
  • 放入我的书架
  • 预约/预借图书
  • 作者相关作品
  • 分类相关作品
  • 丛书相关作品
  • 出版社相关作品

书目信息

  • 表格格式
  • 工作单格式
  • 卡片格式
题名:
配位化合物的结构和性质
    
 
作者: 游效曾 编著
分册:  
出版信息: 北京   科学出版社  2012.01
页数: 705页
开本: 24cm
丛书名:
单 册:
中图分类: O641.4
科图分类:
主题词: 络合物化学--研究 , 络合物化学
电子资源:
ISBN: 978-7-03-032422-1
000 01052nam0 2200277 450
001 005495456
005 20130427084718.06
010    @a978-7-03-032422-1@dCNY128.00
100    @a20111129d2012 em y0chiy0110 ea
101 0  @achi
102    @aCN@b110000
105    @ay z 001yy
106    @ar
200 1  @a配位化合物的结构和性质@9pei wei hua he wu de jie gou he xing zhi@f游效曾编著
205    @a2版
210    @a北京@c科学出版社@d2012.01
215    @a705页@d24cm
312    @a封面英文题名:Structures and properties of coordination compounds
330    @a本书简述了配位化学的研究内容及其和超分子化学的关联;研究了配位化合物结构与成键的量子化学原理以及其结构和谱学研究方法;用现代化学观点分别讨论了配位化合物的结构特点和成键规律、物理化学性质、反应活性与结构的关系。
510 1  @aStructures and properties of coordination compounds@zeng
606 0  @a络合物化学@x研究
606 0  @a络合物化学
690    @aO641.4@v4
701  0 @a游效曾@9you xiao zeng@f(1934~)@4编著
801  0 @aCN@bNLC@c20120129
905    @b542439-41@dO641.4@e69=2@f3
    
    配位化合物的结构和性质/游效曾编著.-2版.-北京:科学出版社,2012.01
    705页;24cm
    
    
    ISBN 978-7-03-032422-1:CNY128.00
    本书简述了配位化学的研究内容及其和超分子化学的关联;研究了配位化合物结构与成键的量子化学原理以及其结构和谱学研究方法;用现代化学观点分别讨论了配位化合物的结构特点和成键规律、物理化学性质、反应活性与结构的关系。
●
相关链接 在E读中查询图书 在五车中查询图书 在当当中查询图书 在豆瓣中查询图书


正题名:配位化合物的结构和性质     索取号:O641.4/69=2         预约/预借

序号 登录号 条形码 馆藏地/架位号 状态 备注
1 542439   205424398   第二样本阅览室/ [索取号:O641.4/69=2] 在馆    
2 542440   205424405   密集书库-化学系/ [索取号:O641.4/69=2] 在馆    
3 542441   205424414   第三借阅区/ [索取号:O641.4/69=2] 在馆    
唐山师范学院图书馆 欢迎您!
大连网信软件有限公司© 版权所有